| 000 | 01369nam a2200337 a 4500 | ||
|---|---|---|---|
| 001 | 000109164 | ||
| 003 | CHAP | ||
| 005 | 20220329144040.0 | ||
| 008 | 140408s2013 mx a sm |||||||spa d | ||
| 010 | _a105626 | ||
| 011 | _a106598 | ||
| 040 | _cCHAP | ||
| 090 | _aTesis | ||
| 100 | 1 |
_aMarín Cardona, Mayra _9126313 |
|
| 245 | 1 | 0 |
_aPropuesta para la readecuación del plan de manejo en la unidad de manejo para la conservación de guajolote silvestre (Meleagris gallopavo mexicana Gould 1856) en la Congoja San José de Gracia, Aguascalientes _h[En línea] _cpor Mayra Marín Cardona. |
| 260 |
_aChapingo, Méx. : _bEl autor., _c2013. |
||
| 500 | _aPara ver el contenido del material haga clic en la liga | ||
| 502 | _aTesis (Ing. Agr. Esp. en Forestales) -- UACH. División de Ciencias Forestales | ||
| 590 |
_aBATCH-UPD _b05 _c20141002 _lUCH01 _h0900 |
||
| 590 |
_aE5652GLJ _b05 _c20140408 _lUCH01 _h0919 |
||
| 590 |
_aE5652GLJ _b05 _c20140408 _lUCH01 _h0919 |
||
| 590 |
_aE5652GLJ _b05 _c20140408 _lUCH01 _h1133 |
||
| 590 |
_aE5652GLJ _b05 _c20141029 _lUCH01 _h1324 |
||
| 650 | 1 | 4 |
_aPavos _xAlimentación. _986301 |
| 650 | 1 | 4 |
_aPavos _xConservación _zSan José de Gracia, Ags. _9126312 |
| 650 | 1 | 4 |
_aPavos _xHábitos y conducta. _986308 |
| 856 |
_aFinding aid _uhttp://10.13.5.2/tesis/sist109164.pdf _zTeclea aquí |
||
| 901 | _aBK | ||
| 942 | _cTESIS | ||
| 942 | _n0 | ||
| 999 |
_c105626 _d105626 |
||